Movies Quiz

Random Movies Quiz

Another Movie Before and After Quiz Stats

Quiz not verified by Sporcle

Challenge
Share
Tweet
Embed
Score 0/20 Timer 07:00
0 Plays Today
Clue 1 Answer % Correct
Comedy sequel starring Billy Crystal and Robert De NiroAnalyze That Thing You Do!
70.4%
1998 movie about a man unaware that his entire reality is part of a television showThe Truman Showgirls
70.4%
Critically-panned melodrama starring Mandy Moore and Shane WestA Walk to Remember the Titans
68.3%
1999 psychological thriller starring Bruce Willis about a child who has supernatural visionsThe Sixth Sense and Sensibility
58.5%
2007 disaster movie from the creator of LostCloverfield of Dreams
53.3%
Martial-arts retelling of Romeo and Juliet starring Jet Li and AaliyahRomeo Must Die Another Day
50.7%
2009 thriller featuring Jamie Foxx and Gerard ButlerLaw Abiding Citizen Kane
46%
1988 action thriller starring Arnold Schwarzenegger as a convict trapped in a vicious gameshowThe Running Man on Wire
36.4%
2009 Scandinavian vampire movieLet The Right One In Bruges
27.5%
1988 adaptation of Milan Kundera's 1968 novel, starring Daniel Day-Lewis and Juliette BinocheThe Unbearable Lightness of Being John Malkovich
23%
Clue 1 Answer % Correct
Bruce Willis' first outing as John McClaneDie Hard Boiled
21.8%
Movie in which Michael Caine plays a US ex-pat living in South East AsiaThe Quiet American Psycho
20.7%
Fourth movie in the Star Trek franchiseStar Trek IV: The Voyage Home on the Range
17.8%
Bill Murray comedy about a man who must live the same day over and over againGroundhog Day of the Jackal
16.4%
1988 comedy starring Dan Aykroyd and Kim BasingerMy Stepmother is an Alien vs. Predator
13.8%
1993 legal thriller adapted from a John Grisham novel, starring Denzel Washington and Julia RobertsThe Pelican Brief Encounter
13.4%
Biopic of soccer manager Brian CloughThe Damned United 93
12.2%
1989 Spike Lee movie about racial tensions on the hottest day of the yearDo The Right Things To Do in Denver When You're Dead
9.4%
Luc Besson movie about the criminal underground of Paris, featuring amazing parkour stuntsDistrict 13 Going on 30
7.5%
Animated follow-up to the hugely successful Squaresoft roleplaying gameFinal Fantasy VII: Advent Children of the Corn
5.6%

You're not logged in!

Compare scores with friends on all Sporcle quizzes.
Sign Up with Email
OR
Log In

You Might Also Like...

Show Comments

Extras

Top Quizzes Today


Score Distribution

Your Account Isn't Verified!

In order to create a playlist on Sporcle, you need to verify the email address you used during registration. Go to your Sporcle Settings to finish the process.